|
|
|
|
| LEADER |
00000nam a2200000 a 4500 |
| 001 |
vtls010484585 |
| 003 |
SK-MaSNL |
| 005 |
20260301214438.0 |
| 008 |
240315s2011 xo n 000 0 slo |
| 015 |
|
|
|a SNBA2013
|
| 020 |
|
|
|a 9788080772598
|q (viaz.)
|
| 035 |
|
|
|a 02CC0D0F-E5D0-40AE-87C6-15F79D1EF2FA
|
| 035 |
|
|
|a urn:nbn:sk:snk-amjml2
|
| 035 |
|
|
|a urn:nbn:sk:snk-am001ocy
|
| 040 |
|
|
|a SNK
|b slo
|c SNK
|e AACR2
|
| 041 |
0 |
|
|a lat
|a slo
|
| 044 |
|
|
|a xo
|c SK
|
| 072 |
|
7 |
|a 591
|x Všeobecná zoológia
|2 konspekt
|
| 072 |
|
7 |
|a 81
|x Lingvistika. Jazyky
|2 konspekt
|
| 080 |
|
|
|a 591.4
|2 2001
|
| 080 |
|
|
|a 81'374.8-022.215
|2 2001
|
| 080 |
|
|
|a 811.124
|2 2001
|
| 080 |
|
|
|a 811.162.4
|2 2001
|
| 080 |
|
|
|a (038)81
|2 2001
|
| 080 |
|
|
|a 81'374.822
|2 2001
|
| 100 |
1 |
|
|a Danko, Ján,
|d 1951-
|4 aut
|9 192508
|
| 245 |
1 |
0 |
|a Nomina anatomica veterinaria
|b slovenské veterinárske anatomické názvoslovie
|c Ján Danko, František Šimon, Jozefa Artimová ; [preklad úvodných textov z angličtiny Andrea Eibenová, Jozefa Artimová]
|
| 250 |
|
|
|a 1. vyd.
|
| 260 |
|
|
|a V Košiciach
|b Univerzita veterinárskeho lekárstva a farmácie
|c 2011
|
| 300 |
|
|
|a 267 s.
|c 25 cm
|
| 504 |
|
|
|a Bibliogr. s. V-VII
|
| 650 |
0 |
7 |
|a veterinárna anatómia
|2 SNKPH
|9 1149
|
| 650 |
0 |
7 |
|a latinčina
|2 SNKPH
|9 3501
|
| 650 |
0 |
7 |
|a slovenčina
|2 SNKPH
|9 1350
|
| 650 |
0 |
7 |
|a Veterinary anatomy
|2 SNKPHeng
|9 320092
|
| 650 |
0 |
7 |
|a Latin language
|2 SNKPHeng
|9 276352
|
| 650 |
0 |
7 |
|a Slovak language
|2 SNKPHeng
|9 266031
|
| 655 |
|
7 |
|a terminologické slovníky
|2 SNKPH
|9 70504
|
| 655 |
|
7 |
|a dvojjazyčné prekladové slovníky
|2 SNKPH
|9 70744
|
| 655 |
|
7 |
|a Terminological dictionaries
|2 SNKPHeng
|9 90728
|
| 655 |
|
7 |
|a Bilingual translation dictionaries
|2 SNKPHeng
|9 287935
|
| 700 |
1 |
|
|a Šimon, František,
|d 1949-
|4 aut
|9 107149
|
| 700 |
1 |
|
|a Artimová, Jozefa
|4 aut
|9 535363
|
| 700 |
|
1 |
|a Eibenová, Andrea,
|d 1969-
|4 trl
|9 240463
|
| 919 |
|
|
|a 978-80-8077-259-8
|
| 958 |
|
|
|a NB
|
| 958 |
|
|
|a MI
|
| 999 |
|
|
|c 924813
|d 926743
|
| 952 |
|
|
|a SNK
|b SNK
|y PREZ
|7 0
|p 17A1061112
|o snkSC 152785
|i snk2013/1512
|8 0
|0 0
|1 0
|4 0
|d 2013-01-22
|l 0
|r 2025-07-23 00:00:00
|w 2026-02-24
|
| 952 |
|
|
|a SNK
|b SNK
|y VYP
|7 0
|p 17A1061111
|o snkSC 152785 D1
|i snk2013/1513
|8 0
|0 0
|1 0
|4 0
|d 2013-01-22
|f 1
|l 0
|r 2026-02-24 08:28:54
|w 2026-02-24
|